[Event "Women's Speed Chess Q2"]
[Site "chess.com INT"]
[Date "2021.05.29"]
[Round "12"]
[White "Farhat Willemstein, Stela Souza"]
[Black "Adam, Ernestina"]
[Result "0-1"]
[WhiteTitle "WFM"]
[BlackTitle "WCM"]
[WhiteElo "1758"]
[BlackElo "1354"]
[WhiteFideId "2109808"]
[BlackFideId "165883"]
[EventDate "2021.05.29"]

1. e4 c6 2. d4 d5 3. e5 Bf5 4. Nf3 e6 5. Bd3 Bxd3 6. Qxd3 Ne7 7. O-O Nf5 8. Nbd2
Be7 9. Re1 Nd7 10. Nf1 c5 11. c3 O-O 12. g4 Nh4 13. Ng3 Nxf3+ 14. Qxf3 Bg5 15.
Be3 cxd4 16. Bxd4 Nb6 17. b3 Rc8 18. Qd3 Nd7 19. Qf3 Nc5 20. Ne2 Ne4 21. Rf1 Nd2
22. Qh3 Nxf1 23. Rxf1 f6 24. f4 Bh6 25. Ng3 fxe5 26. Bxe5 Qb6+ 27. Kh1 g6 28. g5
Bg7 29. Bxg7 Kxg7 30. Ne2 Qb5 31. Nd4 Qd7 32. Nxe6+ Kg8 33. Qd3 Qxe6 34. Qd4
Qe4+ 35. Qxe4 dxe4 36. Re1 Rxf4 37. c4 Rd8 38. Kg2 Rd3 39. Re2 Rff3 40. Kg1 Rfe3
41. Rxe3 Rxe3 42. Kf2 Rc3 43. Ke2 Rc2+ 44. Ke3 Rxh2 45. Kxe4 Rg2 46. Kd5 Rxg5+
47. Kd6 h5 48. Kc7 h4 49. Kxb7 h3 50. Kxa7 h2 51. b4 h1=Q 52. b5 Rc5 53. b6 Qc6
54. b7 Ra5+ 55. Kb8 Rxa2 56. c5 Rb2 57. Ka7 Qxb7# 0-1

[Event "Women's Speed Chess Q2"]
[Site "chess.com INT"]
[Date "2021.05.29"]
[Round "12"]
[White "Nguyen, Hong Anh"]
[Black "Mkrtchian, Lilit"]
[Result "0-1"]
[WhiteTitle "WIM"]
[BlackTitle "IM"]
[WhiteElo "1993"]
[BlackElo "2388"]
[WhiteFideId "12406732"]
[BlackFideId "13300601"]
[EventDate "2021.05.29"]

1. d4 Nf6 2. c4 c6 3. Nf3 d5 4. Qc2 g6 5. Bf4 Bf5 6. Qb3 Qb6 7. e3 Bg7 8. Nc3
Ne4 9. Be2 Nxc3 10. bxc3 Nd7 11. h3 O-O 12. O-O Qxb3 13. axb3 a6 14. Nd2 e5 15.
Bg3 exd4 16. cxd4 Rfe8 17. b4 Bxd4 18. Ra2 Bc3 19. cxd5 cxd5 20. Bd6 Re6 21. Bc5
b6 22. Rc1 Bxd2 23. Rxd2 bxc5 24. Rxd5 Nb6 25. Rdxc5 Rd6 26. Bf3 Rad8 27. g4 Bd3
28. Kg2 Bb5 29. Rc7 Rd2 30. Rb7 Nc4 31. Rc3 Rb2 32. Kg3 Rdd2 33. h4 Rxf2 34. Bd5
Ne5 35. Rc8+ Kg7 36. Rcc7 Rf1 37. Re7 Rg1+ 38. Kf4 Nd3+ 39. Kf3 Rf2+ 40. Ke4
Rxg4# 0-1

[Event "Women's Speed Chess Q2"]
[Site "chess.com INT"]
[Date "2021.05.29"]
[Round "12"]
[White "Obregon Garcia, Roxangel"]
[Black "Franco Valencia, Angela"]
[Result "0-1"]
[WhiteTitle "WIM"]
[BlackTitle "WIM"]
[WhiteElo "2167"]
[BlackElo "2089"]
[WhiteFideId "3520420"]
[BlackFideId "4403070"]
[EventDate "2021.05.29"]

1. e4 e5 2. Nf3 Nc6 3. Bc4 Bc5 4. c3 Nf6 5. d4 exd4 6. b4 Bb6 7. e5 d5 8. exf6
dxc4 9. Qe2+ Be6 10. fxg7 Rg8 11. b5 Ne7 12. Bg5 d3 13. Qe5 Qd5 14. Nbd2 Qxe5+
15. Nxe5 Rxg7 16. Bxe7 Kxe7 17. Nexc4 Rxg2 18. Nxb6 axb6 19. a3 Bd5 20. c4 Be6
21. h3 Ra4 22. Kf1 Rg8 23. Rc1 Rxa3 24. f4 Ra2 25. Nf3 d2 26. Rd1 Bxc4+ 27. Kf2
Bd5 28. Rhf1 Bc4 29. Rh1 Bxb5 30. Rxd2 Rxd2+ 31. Nxd2 c5 32. Re1+ Kd7 33. Ne4
Ra8 34. Nf6+ Kd6 35. Nxh7 Bc4 36. Ng5 b5 37. Ne4+ Kc6 38. Rd1 Bd5 39. Nf6 Be6
40. Ne4 b4 41. Rd6+ Kb5 42. Ke3 Bxh3 43. Kd2 b3 44. Rf6 Be6 45. f5 Bc4 46. Nc3+
Ka5 47. Rd6 Rh8 48. f6 Rh2+ 49. Ke3 b2 0-1

[Event "Women's Speed Chess Q2"]
[Site "chess.com INT"]
[Date "2021.05.29"]
[Round "12"]
[White "Cori T., Deysi"]
[Black "Gaponenko, Inna"]
[Result "1-0"]
[WhiteTitle "WGM"]
[BlackTitle "IM"]
[WhiteElo "2388"]
[BlackElo "2357"]
[WhiteFideId "3801934"]
[BlackFideId "14101181"]
[EventDate "2021.05.29"]

1. Nf3 g6 2. d4 Bg7 3. g3 d6 4. Bg2 Nf6 5. O-O O-O 6. b3 e5 7. dxe5 dxe5 8. Bb2
e4 9. Nd4 Ng4 10. c3 e3 11. f3 Nf2 12. Qc1 Re8 13. Nc2 Nh3+ 14. Kh1 Nf2+ 15. Kg1
Nh3+ 16. Bxh3 Bxh3 17. Rd1 Qg5 18. c4 Bxb2 19. Qxb2 Nc6 20. Nc3 Bf5 21. Nd5 Re6
22. Nxc7 Rae8 23. Nd4 Nxd4 24. Qxd4 Bc2 25. Nxe8 Rxe8 26. Qd7 Kf8 27. Rd4 Bf5
28. Qxb7 Qf6 29. Rad1 Bc2 30. Qb4+ Kg8 31. Qb5 Rf8 32. Qc5 Bxd1 33. Rxd1 Qc3 34.
Qd4 Qc2 35. Qd3 Qxa2 36. Qxe3 a5 37. Kf2 a4 38. bxa4 Qxa4 39. Rc1 Rc8 40. c5 Qc6
41. h4 h5 42. Rc2 Re8 43. Qd4 Qe6 44. c6 Rc8 45. c7 Qe7 46. Qb6 Qd7 47. Kg2 Kg7
48. Qb2+ Kg8 49. Qc3 1-0

[Event "Women's Speed Chess Q2"]
[Site "chess.com INT"]
[Date "2021.05.29"]
[Round "12"]
[White "Bivol, Alina"]
[Black "Zawadzka, Jolanta"]
[Result "1-0"]
[WhiteTitle "WGM"]
[BlackTitle "WGM"]
[WhiteElo "2385"]
[BlackElo "2399"]
[WhiteFideId "4100123"]
[BlackFideId "1122320"]
[EventDate "2021.05.29"]

1. e4 e5 2. Nf3 Nc6 3. d4 exd4 4. Nxd4 Bc5 5. Nb3 Bb6 6. Nc3 a5 7. a4 Nb4 8. Bc4
d6 9. O-O Nf6 10. Bg5 h6 11. Bh4 g5 12. Bg3 Bg4 13. Qd2 O-O 14. h3 Bh5 15. Rac1
Qe7 16. Rfe1 Nd7 17. Nd4 Bg6 18. Nf5 Bxf5 19. exf5 Qf6 20. Bd3 Rae8 21. b3 Nc5
22. Ne4 Nxe4 23. Bxe4 Bd4 24. c3 Bxc3 25. Rxc3 d5 26. Bf3 Rxe1+ 27. Qxe1 c6 28.
Re3 Qxf5 29. Re8 Nd3 30. Qe7 Rxe8 31. Qxe8+ Kg7 32. Bg4 Qf6 33. Be2 Nf4 34. Bg4
Qa1+ 35. Kh2 Qd4 36. Qd7 Qe4 37. Bf3 Qd3 38. Qxb7 c5 39. Bxf4 gxf4 40. Qxd5 Qc3
41. Qc4 Qd2 42. Bh5 Qxf2 43. Qxf7+ Kh8 44. Qf6+ Kg8 45. Bf7+ Kh7 46. Qg6+ Kh8
47. Qg8# 1-0

[Event "Women's Speed Chess Q2"]
[Site "chess.com INT"]
[Date "2021.05.29"]
[Round "12"]
[White "Grigoryan, Meri"]
[Black "Ziegenfuss, Antonia"]
[Result "1/2-1/2"]
[WhiteTitle "WFM"]
[BlackTitle "WFM"]
[WhiteElo "2044"]
[BlackElo "2157"]
[WhiteFideId "13300571"]
[BlackFideId "12962554"]
[EventDate "2021.05.29"]

1. d4 Nf6 2. c4 e6 3. Nc3 d5 4. cxd5 exd5 5. Nf3 Be7 6. Bf4 O-O 7. e3 c6 8. Bd3
h6 9. O-O Bg4 10. h3 Be6 11. Rc1 Nbd7 12. Ne5 Nxe5 13. Bxe5 Bd6 14. f4 Bxe5 15.
fxe5 Nd7 16. e4 Nb6 17. exd5 Nxd5 18. Qf3 Qg5 19. Ne4 Qh4 20. Bb1 Rad8 21. Qd3
g6 22. Nd6 Ne7 23. Rf3 Nf5 24. Nxf5 Bxf5 25. Rxf5 Rxd4 26. Qc2 Rfd8 27. Rff1 Rd2
28. Qe4 Qg3 29. e6 f5 30. Qf3 Qd6 31. a3 Qxe6 32. b4 Qd6 33. Rce1 Qd4+ 34. Kh1
Qb2 35. Bxf5 gxf5 36. Qxf5 Rxg2 37. Qf7+ Kh8 38. Re8+ Rxe8 39. Qxe8+ Kh7 40.
Qe7+ Rg7 41. Qe4+ Kg8 42. Qe6+ Kh7 43. Qe4+ Kg8 44. Qe8+ Kh7 45. Qe4+ 1/2-1/2

[Event "Women's Speed Chess Q2"]
[Site "chess.com INT"]
[Date "2021.05.29"]
[Round "12"]
[White "Ribeiro, Regina"]
[Black "Ortez, Andrea"]
[Result "0-1"]
[WhiteTitle "WIM"]
[BlackTitle "WIM"]
[WhiteElo "1920"]
[BlackElo "1969"]
[WhiteFideId "2100681"]
[BlackFideId "6702392"]
[EventDate "2021.05.29"]

1. Nf3 d5 2. b3 Nf6 3. Bb2 c5 4. e3 Nc6 5. Bb5 e6 6. O-O a6 7. Bxc6+ bxc6 8. Ne5
Bb7 9. d3 Bd6 10. Nd2 O-O 11. f4 Nd7 12. Qg4 Bxe5 13. fxe5 Qe7 14. Rf3 f6 15.
exf6 Nxf6 16. Qg5 Rf7 17. Raf1 Raf8 18. c4 a5 19. h4 Nd7 20. Qxe7 Rxe7 21. Rxf8+
Nxf8 22. Ba3 Nd7 23. d4 Rf7 24. Rxf7 Kxf7 25. Bxc5 e5 26. Ba3 Ke6 27. Nf3 e4 28.
Ng5+ Kf5 29. Nxh7 dxc4 30. bxc4 Nb6 31. c5 Nc4 32. Bc1 Ba6 33. Kf2 Bb5 34. Ng5
a4 35. Nf7 Na5 36. Kg3 Nb7 37. Ne5 Nd8 38. Kf2 Ne6 39. g4+ Kf6 40. Kg3 g5 41. h5
Nf8 42. Bd2 Nh7 43. Ba5 Nf8 0-1

[Event "Women's Speed Chess Q2"]
[Site "chess.com INT"]
[Date "2021.05.29"]
[Round "12"]
[White "Eswaran, Aksithi"]
[Black "Starosta, Martyna"]
[Result "1/2-1/2"]
[WhiteTitle "WCM"]
[BlackTitle "WCM"]
[WhiteElo "1745"]
[BlackElo "1910"]
[WhiteFideId "2083485"]
[BlackFideId "21818754"]
[EventDate "2021.05.29"]

1. e4 e5 2. Nf3 Nc6 3. Bc4 Nf6 4. d3 Be7 5. O-O O-O 6. Re1 d6 7. c3 Kh8 8. Nbd2
Ng8 9. Nf1 f5 10. exf5 Bxf5 11. Ng3 Bg4 12. Bxg8 Rxg8 13. h3 Be6 14. d4 Bd5 15.
dxe5 Bxf3 16. Qxf3 dxe5 17. Be3 Bd6 18. Ne4 Rf8 19. Qh5 Qe8 20. Qg4 Rd8 21. Bg5
Rd7 22. Rad1 Rdf7 23. Be3 Qe7 24. Ng5 Rf5 25. Ne4 a6 26. c4 b6 27. a3 Nd8 28. b4
Qe6 29. Nxd6 cxd6 30. Bxb6 Nc6 31. Qg3 Rf4 32. Be3 Rxc4 33. Rd2 d5 34. Bc5 Re8
35. Rde2 e4 36. f3 Ne5 37. fxe4 Rxe4 38. Rxe4 dxe4 39. Kh1 Nd3 40. Re3 Nxc5 41.
bxc5 Qc6 42. Qg4 Qxc5 43. Rxe4 Qc1+ 44. Kh2 Qc7+ 45. Kh1 Qc1+ 46. Kh2 Qc7+ 47.
Kh1 Qc1+ 1/2-1/2

[Event "Women's Speed Chess Q2"]
[Site "chess.com INT"]
[Date "2021.05.29"]
[Round "12"]
[White "Girya, Olga"]
[Black "Kiolbasa, Oliwia"]
[Result "1-0"]
[WhiteTitle "WGM"]
[BlackTitle "WIM"]
[WhiteElo "2451"]
[BlackElo "2255"]
[WhiteFideId "4195752"]
[BlackFideId "1154613"]
[EventDate "2021.05.29"]

1. d4 d5 2. Nf3 Nf6 3. c4 dxc4 4. e3 e6 5. Bxc4 a6 6. O-O b5 7. Bd3 Bb7 8. a4 b4
9. Nbd2 Nbd7 10. e4 c5 11. Qe2 cxd4 12. e5 Nd5 13. Nc4 Bc5 14. Bg5 Qb8 15. Bd2
N7b6 16. Na5 Nd7 17. Rfc1 Bb6 18. Nxb7 Qxb7 19. Be4 Nc5 20. Bxb4 Nb3 21. Rab1
Nxc1 22. Rxc1 Rc8 23. Rxc8+ Qxc8 24. Bxd5 exd5 25. Qd2 Qc4 26. h4 a5 27. Ba3 Bc5
28. Qxa5 Bxa3 29. Qa8+ Ke7 30. Qxh8 Qc1+ 31. Kh2 Qf4+ 32. Kg1 Qc1+ 33. Kh2 Qf4+
34. Kh3 Qf5+ 35. Kg3 Bxb2 36. Qxg7 d3 37. Qf6+ Qxf6 38. exf6+ Kxf6 39. a5 Be5+
40. Nxe5 Kxe5 41. Kf3 Kd6 42. a6 Kc6 43. Ke3 Kb6 44. Kxd3 Kxa6 45. Kd4 Kb6 46.
Kxd5 Kc7 47. Ke5 Kd7 48. Kf6 Ke8 49. Kg7 Ke7 50. Kxh7 Kf6 51. h5 Kg5 52. h6 1-0

[Event "Women's Speed Chess Q2"]
[Site "chess.com INT"]
[Date "2021.05.29"]
[Round "12"]
[White "Antonova, Nadezhda"]
[Black "Sharma, Isha"]
[Result "0-1"]
[WhiteTitle "WFM"]
[BlackTitle "WIM"]
[WhiteElo "1877"]
[BlackElo "2237"]
[WhiteFideId "14700182"]
[BlackFideId "35006665"]
[EventDate "2021.05.29"]

1. b3 Nf6 2. Bb2 g6 3. Bxf6 exf6 4. c4 Bg7 5. Nc3 f5 6. Rc1 O-O 7. g3 d6 8. Bg2
Nc6 9. e3 Ne7 10. Nge2 c6 11. d4 a5 12. O-O f4 13. Nxf4 h5 14. h4 Bg4 15. Qc2
Nf5 16. Rfe1 Nh6 17. a3 Re8 18. b4 axb4 19. axb4 Qb6 20. b5 Ra3 21. Ra1 Rxa1 22.
Rxa1 Nf5 23. bxc6 bxc6 24. Rb1 Qa6 25. Ne4 Rd8 26. Qd3 Ne7 27. Qb3 Bf5 28. Rc1
d5 29. cxd5 Nxd5 30. Nxd5 cxd5 31. Nc5 Qe2 32. Bxd5 Kh7 33. Bg2 Bg4 34. Qxf7 Rf8
35. Qc4 Qxf2+ 36. Kh1 Qxe3 37. Kh2 Rf2 38. Rg1 Qxd4 39. Qxd4 Bxd4 40. Nd3 Rd2
41. Nf4 Bxg1+ 42. Kxg1 Rb2 0-1

[Event "Women's Speed Chess Q2"]
[Site "chess.com INT"]
[Date "2021.05.29"]
[Round "12"]
[White "Makhija, Aashna"]
[Black "Secopito, Catherine"]
[Result "0-1"]
[WhiteTitle "WIM"]
[BlackTitle "WIM"]
[WhiteElo "1969"]
[BlackElo "2075"]
[WhiteFideId "25011944"]
[BlackFideId "5202744"]
[EventDate "2021.05.29"]

1. e4 e5 2. Nf3 Nf6 3. Nxe5 d6 4. Nf3 Nxe4 5. Nc3 Nxc3 6. dxc3 Be7 7. Be3 Nc6 8.
Qd2 h6 9. O-O-O Be6 10. b3 Qd7 11. h3 a6 12. g4 O-O-O 13. Bg2 f5 14. g5 d5 15.
gxh6 gxh6 16. Bxh6 Ba3+ 17. Kb1 Rdg8 18. Rhg1 Rg6 19. Bf4 Rhg8 20. Bg3 Qg7 21.
h4 f4 22. h5 Rg4 23. Bh3 fxg3 24. Bxg4 Qxg4 25. Rxg3 Qxh5 26. Qe3 Re8 27. Rg5
Qf7 28. Ne5 Nxe5 29. Rxe5 Bd6 30. Rdxd5 Bxe5 31. Rxe5 Bd7 32. Rxe8+ Qxe8 33. Qd2
Qf7 34. Kb2 b6 35. c4 Kb7 36. Qd4 Bc6 37. Qe5 Qxf2 38. Qc3 Qf5 39. Qd2 a5 40.
Qc3 Qf3 41. Qd2 Qf6+ 42. c3 Qe5 43. Qc2 Be4 44. Qd2 Qf5 45. a4 Qf1 46. Qe3 Qb1+
47. Ka3 Qa1# 0-1

[Event "Women's Speed Chess Q2"]
[Site "chess.com INT"]
[Date "2021.05.29"]
[Round "12"]
[White "Vargas, Gabriela"]
[Black "Nguyen, Thi Thanh An"]
[Result "1-0"]
[WhiteTitle "WIM"]
[BlackTitle "WGM"]
[WhiteElo "2170"]
[BlackElo "2259"]
[WhiteFideId "3700860"]
[BlackFideId "12400300"]
[EventDate "2021.05.29"]

1. d4 Nf6 2. Nf3 g6 3. Bg5 Bg7 4. Nbd2 d6 5. c3 Nbd7 6. e4 O-O 7. Be2 e5 8. dxe5
Nxe5 9. Nxe5 dxe5 10. O-O Re8 11. Qc2 c6 12. Rfe1 Be6 13. Nc4 Qc7 14. b4 h6 15.
Bh4 Nd7 16. Rad1 Nb6 17. Nd6 Rf8 18. a4 Nc8 19. Nxc8 Raxc8 20. Rd2 h5 21. Bg5
Kh7 22. Red1 Bh6 23. Bxh6 Kxh6 24. Rd6 Kg7 25. c4 a5 26. Qc3 axb4 27. Qxe5+ Kg8
28. c5 Rfe8 29. Qd4 Qa5 30. Bc4 Bxc4 31. Qxc4 Qxa4 32. Rxg6+ Kf8 33. Rgd6 Rc7
34. Qd4 Qc2 35. Qh8+ Ke7 36. Qf6+ Kf8 37. h4 Qxc5 38. Rd8 Rc8 39. Qh8+ Ke7 40.
Qxe8+ Kf6 41. Rxc8 b3 42. e5+ 1-0

[Event "Women's Speed Chess Q2"]
[Site "chess.com INT"]
[Date "2021.05.29"]
[Round "12"]
[White "Rakshitta, Ravi"]
[Black "Dauletova, Gulmira"]
[Result "1-0"]
[WhiteTitle "WIM"]
[BlackTitle "WGM"]
[WhiteElo "2190"]
[BlackElo "2285"]
[WhiteFideId "25073230"]
[BlackFideId "13702971"]
[EventDate "2021.05.29"]

1. e4 e5 2. Nf3 Nc6 3. Bc4 Bc5 4. O-O Nf6 5. d4 Bxd4 6. Nxd4 Nxd4 7. f4 d6 8.
fxe5 dxe5 9. Bg5 Qe7 10. Na3 Be6 11. c3 Bxc4 12. Bxf6 gxf6 13. Nxc4 Ne6 14. b4
Rg8 15. Ne3 Rg6 16. Nd5 Qd8 17. Qf3 Nf4 18. Nxf4 exf4 19. Qxf4 Qd6 20. e5 Qb6+
21. Kh1 O-O-O 22. exf6 Rd6 23. Qe5 Re6 24. Qd5 Qd6 25. Qf5 Qc6 26. Rf2 Rxf6 27.
Qc2 Rxf2 28. Qxf2 Qxc3 29. Rf1 f6 30. Qf5 Qe5 31. Qxh7 b6 32. h3 Kb7 33. Rc1 Re7
34. Qd3 Rg7 35. Qc2 Qd5 36. Rd1 Qc6 37. Qf2 f5 38. Rd2 f4 39. Qxf4 a6 40. Rf2
Rh7 41. Qf3 Qxf3 42. Rxf3 Rh4 43. a3 a5 44. bxa5 bxa5 45. g4 c5 46. Kg2 Kc6 47.
Kg3 Rh8 48. h4 c4 49. g5 Kd5 50. Kg4 Kd4 51. g6 c3 52. Kg5 c2 53. Rf1 Rc8 54.
Rc1 Kc3 55. g7 Kb2 56. Rxc2+ Kxc2 57. h5 Kb3 58. h6 Kxa3 59. h7 a4 60. h8=Q Rxh8
61. gxh8=Q Ka2 62. Qc3 a3 63. Qc2+ Ka1 64. Kf4 a2 65. Qc1# 1-0

[Event "Women's Speed Chess Q2"]
[Site "chess.com INT"]
[Date "2021.05.29"]
[Round "12"]
[White "Golubeva, Oksana"]
[Black "Frayna, Janelle Mae"]
[Result "0-1"]
[WhiteTitle "WFM"]
[BlackTitle "WGM"]
[WhiteElo "2179"]
[BlackElo "2179"]
[WhiteFideId "4170164"]
[BlackFideId "5212499"]
[EventDate "2021.05.29"]

1. Nf3 Nf6 2. b3 g6 3. Bb2 Bg7 4. g3 O-O 5. Bg2 d5 6. O-O c6 7. d3 Bg4 8. Nbd2
Qc8 9. Re1 Bh3 10. Bh1 a5 11. e4 Na6 12. e5 Ne8 13. Ng5 Bg4 14. f3 Be6 15. Nxe6
Qxe6 16. f4 h5 17. Nf3 Nec7 18. Rb1 Qd7 19. Ng5 e6 20. Bf3 c5 21. d4 cxd4 22.
Ba3 Nb4 23. Qxd4 Nxc2 24. Qd1 Nxa3 25. Rc1 b5 26. g4 hxg4 27. Bxg4 Bh6 28. Ne4
Qe7 29. Nf6+ Kg7 30. Qf3 b4 31. Qg3 Ncb5 32. Qh4 Ra7 33. Rf1 Nc3 34. Rce1 Rh8
35. Qg3 Kf8 36. h4 Bg7 37. Qf2 Nab5 38. Qb6 Bxf6 39. exf6 Qxf6 40. f5 gxf5 41.
Bxf5 Qd4+ 42. Qxd4 Nxd4 43. Bxe6 Nxe6 44. Rxe6 Rxh4 45. Rd6 Rg4+ 46. Kh2 Ke7 47.
Rh6 Ra8 48. Rh7 Rf8 49. Kh3 Rg6 50. Re1+ Kd6 51. Rh5 Re6 52. Rf1 Ne4 53. Rd1
Nf2+ 0-1

[Event "Women's Speed Chess Q2"]
[Site "chess.com INT"]
[Date "2021.05.29"]
[Round "12"]
[White "Khalafova, Narmin"]
[Black "Mohota, Nisha"]
[Result "1-0"]
[WhiteTitle "WGM"]
[BlackTitle "IM"]
[WhiteElo "2279"]
[BlackElo "2195"]
[WhiteFideId "13402625"]
[BlackFideId "5004330"]
[EventDate "2021.05.29"]

1. e4 Nf6 2. e5 Nd5 3. d4 d6 4. Nf3 dxe5 5. Nxe5 c6 6. Bc4 Nd7 7. O-O Nxe5 8.
dxe5 Bf5 9. Qe2 e6 10. c3 Be7 11. Nd2 O-O 12. Ne4 Qc7 13. Ng3 Bg6 14. f4 f6 15.
Bd2 Qb6+ 16. Kh1 Qxb2 17. f5 exf5 18. Rfb1 Qa3 19. Rb3 Qc5 20. Rxb7 fxe5 21. Be3
Qd6 22. Bxa7 Kh8 23. Rd1 Bf6 24. Bb3 Qa3 25. Bg1 Nxc3 26. Qc2 Nxd1 27. Qxd1 Rab8
28. Rd7 Rbd8 29. Be6 Rxd7 30. Qxd7 f4 31. Nf5 Bxf5 32. Bxf5 f3 33. Be4 fxg2+ 34.
Bxg2 c5 35. Qf5 c4 36. Be4 g6 37. Qd7 Bg7 38. Qc7 c3 39. Bc5 Qc1+ 40. Bg1 Qd2
41. a4 Qe1 42. Qc6 Rf1 43. Qa8+ Rf8 44. Qd5 Qd2 45. Qc4 c2 46. Bxc2 Qe1 47. a5
Qd2 48. a6 1-0

[Event "Women's Speed Chess Q2"]
[Site "chess.com INT"]
[Date "2021.05.29"]
[Round "12"]
[White "Socko, Monika"]
[Black "Vaishali, R"]
[Result "0-1"]
[WhiteTitle "GM"]
[BlackTitle "WGM"]
[WhiteElo "2421"]
[BlackElo "2393"]
[WhiteFideId "1106619"]
[BlackFideId "5091756"]
[EventDate "2021.05.29"]

1. d4 d5 2. c4 e6 3. Nf3 Nf6 4. g3 Bd6 5. c5 Be7 6. Bg2 b6 7. cxb6 axb6 8. O-O
O-O 9. Nbd2 c5 10. b3 Nc6 11. Bb2 Ba6 12. Re1 Rc8 13. Rc1 Nb4 14. a3 Nc6 15.
dxc5 bxc5 16. Ne5 Nxe5 17. Bxe5 Qa5 18. Bb2 Rfd8 19. Qc2 Qb6 20. e3 h6 21. h3
Bb7 22. Red1 Qa7 23. Kh2 Qb8 24. Nf3 Qa8 25. Ne5 Bd6 26. a4 Qb8 27. Ng4 Nxg4+
28. hxg4 Be5 29. Bxe5 Qxe5 30. Qc3 d4 31. exd4 cxd4 32. Qe1 Qb8 33. Rxc8 Qxc8
34. Bxb7 Qxb7 35. Qa5 Rd5 36. Qd2 Qxb3 37. Rc1 Qxa4 38. Rc8+ Kh7 39. Qd3+ g6 40.
Rc7 Rd7 41. Rc8 Kg7 42. Qe4 Qa5 43. Qc6 Qd5 44. Qb6 d3 45. Qb8 d2 46. Rg8+ Kf6
47. Qf8 d1=Q 48. Qg7+ Kg5 49. f4+ Kxg4 50. Qxg6+ fxg6 51. Rxg6+ Kf3 52. Rxh6
Q5d2+ 53. Kh3 Qh1# 0-1

[Event "Women's Speed Chess Q2"]
[Site "chess.com INT"]
[Date "2021.05.29"]
[Round "12"]
[White "Pourkashiyan, Atousa"]
[Black "Nurmanova, Alua"]
[Result "1-0"]
[WhiteTitle "WGM"]
[BlackTitle "WFM"]
[WhiteElo "2322"]
[BlackElo "2008"]
[WhiteFideId "12502014"]
[BlackFideId "13729390"]
[EventDate "2021.05.29"]

1. e4 c5 2. Nf3 d6 3. d4 cxd4 4. Nxd4 Nf6 5. Nc3 a6 6. Be2 e6 7. O-O Be7 8. f4
Qc7 9. Be3 O-O 10. Qe1 b5 11. a3 Bb7 12. Bd3 Nbd7 13. Qg3 Rfe8 14. Rae1 Bf8 15.
Kh1 Nc5 16. Bg1 Nfd7 17. Qh3 Nxd3 18. cxd3 Qa5 19. Nf3 b4 20. axb4 Qxb4 21. Re2
a5 22. f5 exf5 23. Qxf5 Nf6 24. Bd4 Bc8 25. Qg5 h6 26. Qg3 Ng4 27. Nd5 Qb3 28.
Nh4 Be6 29. Nc7 Rac8 30. Nxe8 Rxe8 31. h3 Ne5 32. Bc3 a4 33. Nf5 Bxf5 34. exf5
a3 35. Bxe5 dxe5 36. bxa3 f6 37. Re3 Bc5 38. Ref3 Bd4 39. Qg6 Rc8 40. Rg3 Rc7
41. Qe8+ Kh7 42. Qg6+ Kg8 43. Qxh6 Qd5 44. Qxf6 e4 45. dxe4 Qxe4 46. Qe6+ Qxe6
47. fxe6 Be5 48. Rgf3 Bf6 49. Rxf6 gxf6 50. Rxf6 Kg7 51. Rf7+ 1-0

[Event "Women's Speed Chess Q2"]
[Site "chess.com INT"]
[Date "2021.05.29"]
[Round "12"]
[White "Ambartsumova, Karina"]
[Black "Bodnaruk, Anastasia"]
[Result "1-0"]
[WhiteTitle "IM"]
[BlackTitle "IM"]
[WhiteElo "2382"]
[BlackElo "2457"]
[WhiteFideId "4166299"]
[BlackFideId "4181751"]
[EventDate "2021.05.29"]

1. Nf3 Nf6 2. d4 g6 3. g3 Bg7 4. Bg2 O-O 5. O-O d5 6. c4 c6 7. cxd5 cxd5 8. Ne5
Ng4 9. Nf3 Nc6 10. Nc3 Bf5 11. Bf4 Be4 12. h3 Nf6 13. Rc1 e6 14. Ne5 Bxg2 15.
Nxc6 bxc6 16. Kxg2 Nd7 17. Na4 Rc8 18. b3 Re8 19. Qd2 f6 20. Rfd1 e5 21. dxe5
fxe5 22. Bg5 Qc7 23. Nc5 Nf8 24. Rc2 Qf7 25. Rdc1 e4 26. Be3 Qf6 27. Rd1 Qf7 28.
Bd4 Be5 29. Bxe5 Rxe5 30. Qd4 Rf5 31. Rf1 h5 32. Na4 Ne6 33. Qe3 Rf8 34. f3
exf3+ 35. exf3 Rxf3 36. Rxf3 Qxf3+ 37. Qxf3 Rxf3 38. Rxc6 Re3 39. Rd6 d4 40. Kf2
Kf7 41. Rxd4 Nxd4 42. Kxe3 Nf5+ 43. Kf4 Kf6 44. h4 Nd6 45. Nc3 a5 46. Ne4+ Nxe4
47. Kxe4 g5 48. hxg5+ Kxg5 49. Kf3 Kf5 50. a3 Ke5 51. b4 axb4 52. axb4 Kf5 53.
b5 Ke5 54. b6 Kd6 55. Kf4 Kc6 56. Kg5 Kxb6 57. Kxh5 Kc6 58. Kg6 1-0

[Event "Women's Speed Chess Q2"]
[Site "chess.com INT"]
[Date "2021.05.29"]
[Round "12"]
[White "Kairbekova, Amina"]
[Black "Golubenko, Valentina"]
[Result "1-0"]
[WhiteTitle "WFM"]
[BlackTitle "WGM"]
[WhiteElo "2132"]
[BlackElo "2209"]
[WhiteFideId "13712799"]
[BlackFideId "4501993"]
[EventDate "2021.05.29"]

1. e4 e6 2. d4 d5 3. Nc3 Nf6 4. e5 Nfd7 5. f4 c5 6. Nf3 Nc6 7. Be3 a6 8. Qd2 b5
9. Be2 b4 10. Nd1 Be7 11. O-O c4 12. c3 a5 13. Ng5 h6 14. Nxf7 Kxf7 15. f5 exf5
16. Rxf5+ Kg8 17. Bf3 Nf8 18. Rh5 Be6 19. Nf2 Qd7 20. g4 Bf7 21. Rh3 Ng6 22. Rf1
Nh4 23. Bd1 Rf8 24. Nh1 Be6 25. Rxf8+ Kxf8 26. Qf2+ Ke8 27. Rxh4 Rf8 28. Qg3
Bxh4 29. Qxh4 bxc3 30. bxc3 Qb7 31. Nf2 Qb1 32. Qh5+ Bf7 33. Qh4 Ne7 34. Kg2 Ng6
35. Qg3 Be6 36. Bf3 Qc2 37. h4 Qd3 38. Nxd3 cxd3 39. h5 Ne7 40. Bd1 Kd7 41. Bd2
Nc6 42. Qxd3 Kc7 43. Bf3 Rf7 44. Qc2 Bd7 45. Bxd5 Re7 46. Bf3 Nd8 47. Qd3 Ne6
48. d5 Ng5 49. Qc4+ Kd8 50. Bxg5 hxg5 51. d6 Rf7 52. Qxf7 Bb5 53. Qg8+ Kd7 54.
Qxg7+ Ke6 55. h6 Bf1+ 56. Kxf1 a4 57. Qe7# 1-0

[Event "Women's Speed Chess Q2"]
[Site "chess.com INT"]
[Date "2021.05.29"]
[Round "12"]
[White "Shuvalova, Polina"]
[Black "Tokhirjonova, Gulrukhbegim"]
[Result "1-0"]
[WhiteTitle "IM"]
[BlackTitle "WGM"]
[WhiteElo "2484"]
[BlackElo "2350"]
[WhiteFideId "24171760"]
[BlackFideId "14203626"]
[EventDate "2021.05.29"]

1. e4 e5 2. Nf3 Nc6 3. Bb5 a6 4. Ba4 Nf6 5. O-O Nxe4 6. Re1 Nc5 7. Bxc6 dxc6 8.
d4 Ne6 9. dxe5 Qxd1 10. Rxd1 Be7 11. Be3 h6 12. Nbd2 O-O 13. Ne4 c5 14. a4 b6
15. a5 Bb7 16. Nfd2 Rfd8 17. f3 b5 18. Kf2 Rd5 19. f4 Rad8 20. Nc3 R5d7 21. Nf3
b4 22. Rxd7 Rxd7 23. Rd1 Rxd1 24. Nxd1 g6 25. g3 c4 26. Nd2 Bd5 27. Ba7 Nc5 28.
Ne3 Ne4+ 29. Nxe4 Bxe4 30. c3 bxc3 31. bxc3 Bd3 32. Nd1 g5 33. Nb2 gxf4 34. gxf4
Bh4+ 35. Ke3 Bf1 36. Bb8 c6 37. Na4 Be1 38. Bd6 Kh7 39. Bb4 Bh3 40. Nc5 Bc8 41.
Kd4 Kg6 42. Ne4 Be6 43. Nc5 Bc8 44. Ne4 Be6 45. Nd6 Bd2 46. f5+ Bxf5 47. Nxf5
Kxf5 48. Kc5 Kxe5 49. Kb6 Kd5 50. Kxa6 c5 51. Ba3 Bxc3 52. Kb6 Bxa5+ 53. Kxa5
Kd4 54. Kb5 c3 55. Bxc5+ Kd3 56. Bf8 h5 57. Kc5 f6 58. Kd5 f5 59. Bh6 Ke2 60.
Ke5 Kf3 61. Kxf5 Kg2 62. h4 Kg3 63. Kg5 c2 64. Kxh5 Kf3 65. Kg6 Ke4 66. h5 Ke5
67. Bc1 Ke6 1-0